Flux enhancement with gas sparing in upward crossflow ultrafiltration of skim latex serum /
Saved in:
| Main Author: | |
|---|---|
| Format: | Thesis Book |
| Language: | English |
| Published: |
2004.
|
| Subjects: | |
| Tags: |
Add Tag
No Tags, Be the first to tag this record!
|
| LEADER | 01031nam a2200253 a 4500 | ||
|---|---|---|---|
| 001 | u698199 | ||
| 003 | SIRSI | ||
| 008 | 910522s2004 my a t 00 10 eng m | ||
| 035 | |a ADC-5280 | ||
| 040 | |a UMJ | ||
| 097 | |a TP7 |b UM 2004 Har | ||
| 100 | 0 | 0 | |a Harunsyah. |
| 245 | 1 | 0 | |a Flux enhancement with gas sparing in upward crossflow ultrafiltration of skim latex serum / |c Harunsyah. |
| 260 | |c 2004. | ||
| 300 | |a xii, 116 leaves : |b ill. ; |c 29 cm. | ||
| 502 | |a Dissertation (M.Eng.Sc.) -- Jabatan Kejuruteraan Kimia, Fakulti Kejuruteraan, Universiti Malaya, 2004. | ||
| 504 | |a Bibliography: leaves 91-95. | ||
| 650 | 0 | |a Latex |x Analysis. | |
| 650 | 0 | |a Ultrafiltration. | |
| 710 | 2 | 0 | |a Universiti Malaya. |b Jabatan Kejuruteraan Kimia. |
| 948 | |a 13/09/2004 |b 13/09/2004 | ||
| 596 | |a 1 7 | ||
| 999 | |a TP7 UM 2004 HAR |w LC |c 2 |i A511881548 |d 23/7/2008 |f 23/7/2008 |g 1 |l STACKS |m P07JURUTER |r Y |s Y |t TESIS |u 21/7/2008 | ||
| 999 | |a TP7 UM 2004 HAR |w LC |c 1 |i A511880969 |d 16/3/2007 |f 16/3/2007 |g 1 |l B_KOM1 |m P01UTAMA |r Y |s Y |t TESIS |u 16/3/2007 |o .CIRCNOTE. BKOM 1 :035744 | ||
